000 00305nam a2200121Ia 4500
008 150201s2009 xx 000 0 und d
082 _a616.11
_bT09K
100 _aKUMAR,RV
245 _aTINY TOTS AND TENDER HEARTS
260 _bI.K. INTERNATIONAL
_aDELHI
_c2009
650 _aPAEDIATRICS
942 _2ddc
_cBK
_04
999 _c837
_d837